Miejscowości w gminie Krynica-Zdrój z mapą - Statystyki

Ogólne statystyki
  • Ten quiz został rozwiązany 9 razy
  • Średni wynik to 4 z 9
Odpowiedzi na mapie
Odpowiedzi zakodowano w zielono-czerwonej skali na mapie do tego quizu, zgodnie z poniższymi procentami.
 
Statystyki odpowiedzi
Odpowiedź % Poprawnych
Krynica-Zdrój
100%
Tylicz
56%
Mochnaczka Niżna
44%
Mochnaczka Wyżna
44%
Muszynka
44%
Berest
33%
Czyrna
22%
Piorunka
22%
Polany
22%
Nie znaleziono quizów pasujących do podanych kryteriów
Rozkład punktacji
Procent ludzi z każdym wynikiem
Percentyl według liczby udzielonych odpowiedzi
Twoja historia wyników
Nie rozwiązałeś tego quizu